Т. 321, № 5 : Управление, вычислительная техника и информатика; Известия Томского политехнического университета [Известия ТПУ]
| Parent link: | Известия Томского политехнического университета [Известия ТПУ]/ Томский политехнический университет (ТПУ). Т. 321, № 5 : Управление, вычислительная техника и информатика.— , 2000- |
|---|---|
| Lenguaje: | ruso |
| Publicado: |
2012
|
| Materias: |
Тузовский
> А. Ф.
> специалист в области систем управления
> профессор Томского политехнического университета, доктор технических наук
> 1952-
> Анатолий Федорович
> Томск
Малышенко
> А. М.
> российский ученый, специалист в области автоматики и вычислительной техники
> заслуженный профессор Томского политехнического университета
> 1937-
> Александр Максимович
> член-корреспондент Академии электротехнических наук РФ
> действительный член Международной академии наук высшей школы
> Томск
|
| Formato: | MixedMaterials Libro |
| KOHA link: | https://koha.lib.tpu.ru/cgi-bin/koha/opac-detail.pl?biblionumber=233059 |
MARC
| LEADER | 00000nam2a2200000 4500 | ||
|---|---|---|---|
| 001 | 233059 | ||
| 005 | 20231208104245.0 | ||
| 035 | |a (RuTPU)RU\TPU\book\254124 | ||
| 035 | |a RU\TPU\book\239280 | ||
| 090 | |a 233059 | ||
| 100 | |a 20130226d2012 k y0rusy50 ca | ||
| 101 | 0 | |a rus | |
| 102 | |a RU | ||
| 105 | |a a z 001zd | ||
| 200 | 0 | |a Т. 321, № 5 : Управление, вычислительная техника и информатика | |
| 210 | |d 2012 | ||
| 215 | |a 261 с. |c ил. | ||
| 320 | |a Библиогр. в конце статей | ||
| 461 | 1 | |0 (RuTPU)RU\TPU\book\176237 |t Известия Томского политехнического университета [Известия ТПУ] |f Томский политехнический университет (ТПУ) |v Т. 321, № 5 : Управление, вычислительная техника и информатика |d 2000- | |
| 600 | 1 | |a Тузовский |b А. Ф. |c специалист в области систем управления |c профессор Томского политехнического университета, доктор технических наук |f 1952- |g Анатолий Федорович |y Томск |2 stltpush |3 (RuTPU)RU\TPU\pers\25952 | |
| 600 | 1 | |a Малышенко |b А. М. |c российский ученый, специалист в области автоматики и вычислительной техники |c заслуженный профессор Томского политехнического университета |f 1937- |g Александр Максимович |c член-корреспондент Академии электротехнических наук РФ |c действительный член Международной академии наук высшей школы |y Томск |2 stltpush |3 (RuTPU)RU\TPU\pers\21983 | |
| 600 | 1 | |a Гончаров |b В. И. |c радиотехник, специалист в области информатики и вычислительной техники |c профессор Томского политехнического университета, доктор технических наук |f 1937- |g Валерий Иванович |y Томск |2 stltpush |3 (RuTPU)RU\TPU\pers\21955 |9 9274 | |
| 606 | 1 | |a Высшие технические учебные заведения |2 stltpush |3 (RuTPU)RU\TPU\subj\3996 |9 32316 | |
| 610 | 1 | |a Томский политехнический университет | |
| 610 | 1 | |a научные исследования | |
| 610 | 1 | |a вычислительная техника | |
| 610 | 1 | |a автоматизация | |
| 610 | 1 | |a управление | |
| 610 | 1 | |a программирование | |
| 610 | 1 | |a информатика | |
| 610 | 1 | |a прикладные задачи | |
| 610 | 1 | |a Токамаки | |
| 610 | 1 | |a параллельные вычисления | |
| 610 | 1 | |a производственные данные | |
| 610 | 1 | |a спутниковые данные | |
| 610 | 1 | |a атмосферная коррекция | |
| 610 | 1 | |a медицинские системы | |
| 610 | 1 | |a функционирование | |
| 610 | 1 | |a семантические базы данных | |
| 610 | 1 | |a кластерные системы | |
| 610 | 1 | |a сигналы | |
| 610 | 1 | |a навигационные данные | |
| 610 | 1 | |a труды учёных ТПУ | |
| 675 | |a 62 |v 3 | ||
| 801 | 1 | |a RU |b 63413507 |c 20091023 | |
| 801 | 2 | |a RU |b 63413507 |c 20141202 |g RCR | |
| 942 | |c CR | ||